00525 2200205 4500001002100000005001500021035002000036245006800056100001300124250000600137300003100143700002000174260003100194082000800225084001400233020001800247650002000265990001700285990001700302INLIS00000000000033420181005034503 a0010-10180000241 aBuah Kejujuran :bBerpisah /cNursisto; Editor, Asep Mahdi,S.S.0 aNursisto a- a24 hlm. :bilus. ;c25 cm.0 aAsep Mahdi,S.S. aBogor :bYudhistira,c2004 a813 a813 NUR b a979-746-281-1 aFiksi Indonesia a01367/P/2018 a01368/P/2018